| 000 | 006610000a22001570004500 | ||
|---|---|---|---|
| 003 | MACL | ||
| 005 | 20190914112631.0 | ||
| 008 | 190914b xxu||||| |||| 00| 0 eng d | ||
| 040 |
_aMACL _cmacl |
||
| 100 |
_aगुप्त मानिक लाल _966672 |
||
| 245 | _aमध्यकालीन भारत का इतिहास | ||
| 260 |
_b…_…Y…ý…_…,…Y…·… …Œ…®…_…ý…·……̜…_…, …_…œ…_ƒ__…Ư …Ư…·…,…_ƒ__…Y…_…®…_ƒ__…_…_…Y…̜…_…, _c2002 |
||
| 350 | _a225 | ||
| 650 |
_a…1…·…,…_ƒ__…Y…_…̜…_ _972574 |
||
| 942 |
_cBK _k954/GUP _2ddc |
||
| 999 |
_c30643 _d30643 |
||